书目信息 |
| 题名: |
海洋水产种质资源保护区损害评估理论与实践
|
|
| 作者: | 曲克明 , 陈碧鹃 , 崔正国 编著 | |
| 分册: | ||
| 出版信息: | 北京 科学出版社 2016.03 |
|
| 页数: | 300页 | |
| 开本: | 26cm | |
| 丛书名: | ||
| 单 册: | ||
| 中图分类: | S968 | |
| 科图分类: | ||
| 主题词: | 海产动植物--种质资源--自然保护区--研究--中国 | |
| 电子资源: | ||
| ISBN: | 978-7-03-046806-2 | |
| 000 | 02243nam0 2200289 450 | |
| 001 | 3880 | |
| 005 | 20181008170151.94 | |
| 010 | @a978-7-03-046806-2@dCNY156.00 | |
| 100 | @a20160407d2016 em y0chiy50 ea | |
| 101 | 0 | @achi |
| 102 | @aCN@b110000 | |
| 105 | @aack az 000yy | |
| 200 | 1 | @a海洋水产种质资源保护区损害评估理论与实践@9hai yang shui chan zhong zhi zi yuan bao hu qu sun hai ping gu li lun yu shi jian@b专著@f曲克明,陈碧鹃,崔正国编著 |
| 210 | @a北京@c科学出版社@d2016.03 | |
| 215 | @a300页@c图,肖像@d26cm | |
| 312 | @a英文并列题名取自封面:Theory and practice of damage assessment of marine aquatic germlasm resources conservation area | |
| 314 | @a曲克明,男,1964年8月生,研究员,中国海洋大学、南京农业大学、上海海洋大学硕士生导师、全国渔业污染事故审定委员会:委员。主要从事渔业生态环境与工厂化循环水养殖等方面的研究。陈碧鹃,女,1962年9月,研究员,中国海洋大学、南京农业大学硕士生导师,全国水产标准化技术委员会渔业资源分技术委员会委员,全国渔业污染事故审定委员会委员。崔正国,男,1979年7月生,副研究员,上海海洋大学硕士生导师,北太平洋海洋科学组织SG-MP/MEQ委员。 | |
| 320 | @a有书目(第270-280页) | |
| 330 | @a本书系统介绍了我国海洋水产种质资源保护区损害评估的主要研究成果,并结合笔者多年的思考与实践,阐述了建设项目对海洋水产种质资源响评估的理论、方法及管理对策。全书共分四篇,第一篇为基础理论、知识与方法,包括第一至四章,分别介绍了水产种质资源保护和渔业资源损害评估的基础理论知识、评估方法和国内外法律法规等:第二篇为建设项目影响评价研究,包括第五至八章,分别介绍了我国海洋建设项目概况、建设项目影响因素识别、影响评价研究进展及渤海建设项目对水产种质资源保护区影响综合评价等研究成果;第三篇为水产种质资源保护区损害评估,包括第九至十一章,系统介绍了水产种质资源保护区种质资源损害评估的原则、程序、方法与应用案例;第四篇为水产种质资源保护区保护与管理,包括第十二和十三章,分别介绍了我国的国家级水产种质资源保护区及其管理现状、措施与建议等。 | |
| 510 | 1 | @aOry and practice of damage assessment of marine aquatic germlasm resources conservation area@zeng |
| 606 | 0 | @a海产动植物@x种质资源@x自然保护区@x研究@y中国 |
| 690 | @aS968@v5 | |
| 701 | 0 | @a曲克明@9qu ke ming@f(1964-)@4编著 |
| 701 | 0 | @a陈碧鹃@9chen bi juan@f(1962-)@4编著 |
| 701 | 0 | @a崔正国@9cui zheng guo@f(1979-)@4编著 |
| 801 | 0 | @aCN@b91MARC@c20160613 |
| 905 | @aMuseLib@dS968@e48 | |
| 海洋水产种质资源保护区损害评估理论与实践/曲克明,陈碧鹃,崔正国编著.-北京:科学出版社,2016.03 |
| 300页:图,肖像;26cm |
| ISBN 978-7-03-046806-2:CNY156.00 |
| 本书系统介绍了我国海洋水产种质资源保护区损害评估的主要研究成果,并结合笔者多年的思考与实践,阐述了建设项目对海洋水产种质资源响评估的理论、方法及管理对策。全书共分四篇,第一篇为基础理论、知识与方法,包括第一至四章,分别介绍了水产种质资源保护和渔业资源损害评估的基础理论知识、评估方法和国内外法律法规等:第二篇为建设项目影响评价研究,包括第五至八章,分别介绍了我国海洋建设项目概况、建设项目影响因素识别、影响评价研究进展及渤海建设项目对水产种质资源保护区影响综合评价等研究成果;第三篇为水产种质资源保护区损害评估,包括第九至十一章,系统介绍了水产种质资源保护区种质资源损害评估的原则、程序、方法与应用案例;第四篇为水产种质资源保护区保护与管理,包括第十二和十三章,分别介绍了我国的国家级水产种质资源保护区及其管理现状、措施与建议等。 |
| ● |
| 相关链接 |
|
|
|
|
正题名:海洋水产种质资源保护区损害评估理论与实践
索取号:S968/48
 
预约/预借
| 序号 | 登录号 | 条形码 | 馆藏地/架位号 | 状态 | 备注 |
| 1 | 1124009 | 211240094 | 第二样本阅览室/ [索取号:S968/48] | 在馆 | |
| 2 | 1124010 | 211240101 | 第三借阅区/ [索取号:S968/48] | 在馆 |